000 00536nam a2200193 a 4500
001 5192
003 CO-ViMGA
008 141112s2004 ck r 000 u spa d
040 _aCO-ViMGA
_bspa
_cCO-ViMGA
082 0 4 _a370.1 M176
100 1 _aMarquínez Argóta, German
_93504
245 1 0 _aRealidad y posibilidad :
_bfundamentos de ética y educación
260 _aSantafé de Bogotá :
_bPresencia,
_c1995
300 _a135 p
490 _aMesa redonda, 33
650 1 4 _aeducación - TEORIA
650 1 4 _aética
942 _2ddc
_cBK
999 _c17193
_d17193